| 000 | 00620nam a2200229Ia 4500 | ||
|---|---|---|---|
| 003 | OSt | ||
| 005 | 20220926040531.0 | ||
| 006 | a|||||r|||| 00| 0 | ||
| 007 | ta | ||
| 008 | 220923b |||||||| |||| 00| 0 eng d | ||
| 037 | _cGeneral Book | ||
| 040 |
_aRTL _cRTL _beng |
||
| 041 |
_2eng _aeng |
||
| 082 | _aX:3260j77, K5 | ||
| 100 |
_aBhattacharya S K _942119 |
||
| 245 | 0 |
_aCapital longevity and economic growth _b An analytic |
|
| 260 | _c1965 | ||
| 300 |
_avi,146p _ccm. |
||
| 650 | _aCapitalist Interest | ||
| 942 |
_hX:3260j77, K5 _cGB _2CC |
||
| 999 |
_c665043 _d665043 |
||